000 00763nam a2200181Ia 4500
008 151202s9999||||xx |||||||||||||| ||und||
082 _bPNVM-64073
100 _aजेम्स हॅडली चेस/अनु/हुद्दार मधुकर.
245 _aफ्रोझन डेथ.
260 _bनंदादीप बुक सर्व्हीसेस सोलापुर.
260 _c64073
300 _a174
600 _aजेम्स हॅडली चेस/अनु/हुद्दार मधुकर.
630 _aफ्रोझन डेथ.
700 _aजेम्स हॅडली चेस/अनु/हुद्दार मधुकर.
730 _aफ्रोझन डेथ.
942 _cBOOK
999 _c1330607
_d1330604